00978cam a2200265 a 45000010008000000030004000080050017000120080041000290100017000700400018000870820017001051100038001222450137001602600038002973000008003355000022003435000065003656500046004306500032004767100036005089060045005449420012005899990015006019520096006162991259OSt20230704115622.0921229s1992 nyu w i000 0 eng  a 92252847  aDLCcDLCdDLC00a341.552bUNI bUnited nations Council of namibia00aUnited nations Council of namibiabA summary of twenty years of efforts by the council for namibia on behalf of namibia independence aNew York :bUnited Nations,c1987 a20p a"ST/LEG/SER.F/1." a"United Nations publication sales no. E.92.V.5"--T.p. verso. 0aArbitration (International law)vDigests. 0aInternational lawvDigests.2 aInternational Court of Justice. a7bcbccorignewd2encipf19gy-gencatlg 2ddccBK c3762d3762 00102ddc4070a002b002d2023-07-04l0o341.552 UNIp10001536r2023-07-04w2023-07-04yBK